Underemployment equilibria : (Record no. 15210)

000 -LEADER
fixed length control field 00641pam a2200193 a 4500
020 ## - INTERNATIONAL STANDARD BOOK NUMBER
ISBN 0521393183
040 ## - CATALOGING SOURCE
Transcribing agency DLC
082 00 - DEWEY DECIMAL CLASSIFICATION NUMBER
Classification number 331 CAM 1991 A074 Or.
100 1# - MAIN ENTRY--AUTHOR NAME
Personal name Drèze, Jacques H.
245 10 - TITLE STATEMENT
Title Underemployment equilibria :
Remainder of title essays in theory, econometrics, and policy /
260 ## - PUBLICATION, DISTRIBUTION, ETC. (IMPRINT)
Place of publication Cambridge ;
-- New York :
Name of publisher Cambridge University Press,
Year of publication 1991.
300 ## - PHYSICAL DESCRIPTION
Number of Pages xxv, 568 p. :
Other physical details ill. ;
Dimensions 24 cm.
650 #0 - SUBJECT ADDED ENTRY--TOPICAL TERM
Topical Term Unemployment
650 #0 - SUBJECT ADDED ENTRY--TOPICAL TERM
Topical Term Equilibrium (Economics)
650 #0 - SUBJECT ADDED ENTRY--TOPICAL TERM
Topical Term Prices
856 42 - ELECTRONIC LOCATION AND ACCESS
Uniform Resource Identifier http://www.loc.gov/catdir/description/cam024/90001848.html
856 41 - ELECTRONIC LOCATION AND ACCESS
Uniform Resource Identifier http://www.loc.gov/catdir/toc/cam028/90001848.html
942 ## - ADDED ENTRY ELEMENTS (KOHA)
Koha item type សៀវភៅភាសាអង់គ្លេស
952 ## - LOCATION AND ITEM INFORMATION (KOHA)
Withdrawn status [LOCAL, KOHA] 0
Holdings
Permanent Location Date acquired Koha item type Lost status Shelving location Barcode Current Location Full call number
Library Block A2017-11-13សៀវភៅភាសាអង់គ្លេស A074A06586Library Block A331 CAM 1991 A074 Or.
មជ្ឈមណ្ឌលឯការនៃសាកលវិទ្យាល័យភូមិន្ទកសិកម្មចំការដូង

Powered by Koha